[Event "Lvov Ukrainian Chess Warriors"]
[Site "Lvov"]
[Date "2024.03.15"]
[Round "1"]
[White "Piddubna, Bozhena"]
[Black "Zvorska, Olesya"]
[Result "0-1"]
[WhiteElo "2035"]
[BlackElo "1474"]
[PlyCount "98"]
[EventDate "2024.03.15"]
[EventType "swiss (rapid)"]
[EventRounds "8"]
[EventCountry "UKR"]
[SourceTitle "CB12_2024"]
[SourceDate "2023.10.01"]
[SourceVersion "1"]
[SourceVersionDate "2023.10.01"]
[SourceQuality "1"]

1. d4 d5 2. c4 e6 3. Nf3 Nf6 4. g3 b6 5. Bg2 Bb7 6. 0-0 Be7 7. Nc3 0-0 8. Ne5 Nbd7 9. Qc2 c5 10. Nxd7 Qxd7 11. cxd5 exd5 12. Rd1 Rad8 13. Bf4 Qe6 14. Rac1 Rd7 15. Qb3 Rfd8 16. Na4 cxd4 17. Bf3 Ba6 18. Rxd4 Bc4 19. Qe3 Qxe3 20. Bxe3 Bxa2 21. Bf4 Bb3 22. Nc3 Bc5 23. Rd2 Bc4 24. Ra1 Bb4 25. Rdd1 Bxc3 26. bxc3 h6 27. Be5 Ne4 28. Bd4 Re7 29. h4 Nc5 30. Be3 Kh7 31. Ra3 g6 32. Rda1 Rdd7 33. Rd1 Ne4 34. h5 Ng5 35. Bg4 f5 36. hxg6+ Kxg6 37. Bf3 Nxf3+ 38. exf3 Be2 39. Rd4 Bxf3 40. Rh4 h5 41. Rd4 Be4 42. Rda4 Rb7 43. Rd4 Rec7 44. Rb4 Rc4 45. Rb5 Rbc7 46. Bd2 R4c5 47. Rxc5 bxc5 48. Ra6+ Kg7 49. Kf1 Bd3+ 0-1